| 000 | 00647nam a2200217 a 4500 | ||
|---|---|---|---|
| 001 | 75580 | ||
| 003 | BD-RjUL | ||
| 005 | 20211209082719.0 | ||
| 008 | 190428s1966 enk 000 0 eng d | ||
| 035 | _a(BD-RjUL)75798 | ||
| 040 |
_aTOL _cTOL _dUKM _dBD-RjUL _beng |
||
| 041 | _aeng | ||
| 082 | 0 | 4 |
_a330.1513 _223 _bRON 1966 |
| 100 | 1 |
_aRobinson, Joan, _d1903-1983 _9231272 |
|
| 245 | 1 | 4 |
_aThe new mercantilism : _ban inaugural lecture / _cby Joan Robinson. |
| 260 |
_aCambridge [Eng.] : _bCambridge University Press, _c1966. |
||
| 300 |
_a25, [1] p. ; _c19 cm. |
||
| 650 | 0 |
_aEconomics. _9231273 |
|
| 650 | 0 |
_aMercantilism _9231275 |
|
| 942 |
_2ddc _cRAR |
||
| 999 |
_c75580 _d75580 |
||